Guess the BFB Contestants Quiz #1 - Statistics

General Stats
  • This quiz has been taken 289 times
  • The average score is 20 of 22
Answer Stats
Picture Hint Answer % Correct
"Good to be bouncy." Basketball
97%
"I HATE YOU!" Fanny
97%
"Salt and vinegar." Balloony
96%
"WOAH Bunch back all together!" Coiny
96%
"Be a- bit more more polite!" Donut
96%
"Who the egg is that?" Eggy
96%
"Do I taste peanut butter?" Firey
96%
"I want revenge!" Ice Cube
92%
"Go ahead, let's never talk again!" Leafy
92%
"Don't call me NEEDY!" Needle
90%
"9 Mohs hardness scale point activated!" Ruby
90%
"We're TEAM8S!" Saw
90%
-don't- TV
90%
"-and Flower went crazy!" Pencil
89%
"Doesn't give a fluff." Pillow
89%
"I had to improvise..." Tennis Ball
89%
"I can't talk about my ads?" Yellow Face
89%
"To clarify-" Lightning
88%
"Wah wah!" Woody
88%
"One of the heaviest..." Stapy
87%
"I'm ______!" Grassy
84%
"Whatever -_-;" Gelatin
83%
No matching quizzes found
Score Distribution
Percent of People with Each Score
Percentile by Number Answered
Your Score History
You have not taken this quiz